000 00641ngm a2200277 a 4500
003 OSt
005 20251020182658.0
008 240217s9999 xx 000 0 und d
040 _aPE SENCICO BE
040 _cPE SENCICO BE
041 _aspa
082 _aH013
245 0 _aPrograma: Una tecnología hecha realidad, quincha mejorada /
245 0 _cCODE
260 _aEstados Unidos
260 _bCODE
260 _c1992
300 _a1 VIDEO
300 _bson., Col.
300 _c10'
490 _aMATERIALES NO CONVENCIONALES
650 _aQUINCHA MEJORADA
651 _aPERÚ
910 _aila.
942 _cVID
_2ddc
999 _c4730
_d4730